000 00520nam a2200157 i 4500
001 45527
003 ES-MaACL
005 20230906161230.0
007 t|
008 030326s1944 sp ||||1| spa d
100 1 _aColino López, Antonio.
_939605
245 1 0 _aEstudio del receptor superheterodino, con modulación de amplitud y de frecuencia /
_cpor Antonio Colino López.
260 _aMadrid :
_bDossat,
_c1944 (
_fNuevas Gráficas)
300 _aXV, 264 p. :
_bil. ;
_c25 cm.
852 _aES-MaACL
_jB-10009
_bR.21350
999 _c45527
_d45527